Dog Pokemon Quiz Stats

Quiz not verified by Sporcle

Challenge
Share
Tweet
Embed
Score 0/30 Timer 10:00
0 Plays Today
% Correct
arcanine
88.9%
growlithe
77.8%
houndoom
50%
houndour
44.4%
entei
41.7%
suicune
41.7%
eevee
27.8%
mightyena
27.8%
espeon
27.8%
flareon
27.8%
vaporeon
27.8%
glaceon
27.8%
leafeon
27.8%
umbreon
27.8%
vulpix
22.2%
% Correct
herdier
22.2%
jolteon
22.2%
absol
22.2%
stoutland
16.7%
shinx
5.6%
electrike
5.6%
grandbull
5.6%
ninetails
5.6%
luxio
5.6%
poochyna
0%
snubble
0%
lillpup
0%
manectric
0%
luxuray
0%
riakou
0%

You're not logged in!

Compare scores with friends on all Sporcle quizzes.
Join for Free
OR
Log In

You Might Also Like...

Show Comments

Extras

Created Apr 9, 2013ReportNominate
Tags:Pokémon Quiz, dog

Top Quizzes Today


Score Distribution

Your Account Isn't Verified!

In order to create a playlist on Sporcle, you need to verify the email address you used during registration. Go to your Sporcle Settings to finish the process.

Report this User

Report this user for behavior that violates our Community Guidelines.

Details: